Представление документа в формате RUSMARC

ПолеНазваниеЗначение
  Тип записи a
  Библиографический уровень m
001 Контрольный номер 2be4cced607540c98ff6d55b95bf5e08
005 Дата корректировки 20241202122946.9
010 Индекс ISBN __
z Ошибочный ISBN 1433-30
100 Данные общей обработки __
a Данные общей обработки 20240628d2024 d y0rusy028902 ca
101 Язык документа 0_
a Язык текста rus
102 Страна публикации __
a Страна публикации RU
105 Кодированные данные (монография) __
a Кодированные данные (монография) y z 000ay
181 Поле кодированных данных: вид содержания _0
a Код вида содержания (ISBD) i
182 Поле кодированных данных: тип средства _0
a Код типа средства (ISBD) n
200 Заглавие и сведения об ответственности 1_
a Заглавие Кн. 2
203 Вид содержания и тип средства __
a Вид содержания Текст
c Тип средства непосредственный
210 Выходные данные 1_
d Дата издания 2024
215 Физическое описание __
a Объем 127 с.
333 Примечание о целевом назначении __
a Примечание о целевом назначении 12+. Для детей старше 12 лет
461 Уровень набора _0
1 700 1
a Крюкова
b Т. Ш.
g Тамара Шамильевна
f 1953-
1 2001
a Волшебница с острова Гроз
e [приключенческий роман] : в 3 книгах
f Тамара Крюкова
v Кн. 2
1 2101
a Москва
c Чинар
d 2024
1 0018c70192e761c40c985acc33729df35ab
1 203
a Текст
c непосредственный
1 2252
a Круг чтения
e издание для слабовидящих
606 Тематические рубрики __
2 Код системы nlr_sh
a Основная рубрика Художественная литература
606 Тематические рубрики __
2 Код системы nlr_sh
a Основная рубрика Современная русская литература (произведения)
610 Ключевые слова 0_
a Ключевые слова детская литература
610 Ключевые слова 0_
a Ключевые слова подростковая литература
610 Ключевые слова 0_
a Ключевые слова приключенческие романы
610 Ключевые слова 0_
a Ключевые слова романы
610 Ключевые слова 0_
a Ключевые слова тема волшебства
610 Ключевые слова 0_
a Ключевые слова волшебство
610 Ключевые слова 0_
a Ключевые слова тема магии
610 Ключевые слова 0_
a Ключевые слова фэнтези
610 Ключевые слова 0_
a Ключевые слова детское фэнтези
610 Ключевые слова 0_
a Ключевые слова тема девочек
610 Ключевые слова 0_
a Ключевые слова тема подростков
610 Ключевые слова 0_
a Ключевые слова тема волшебниц
610 Ключевые слова 0_
a Ключевые слова тема волшебников
610 Ключевые слова 0_
a Ключевые слова магические миры
610 Ключевые слова 0_
a Ключевые слова тема заговоров
610 Ключевые слова 0_
a Ключевые слова тема власти
610 Ключевые слова 0_
a Ключевые слова обереги
610 Ключевые слова 0_
a Ключевые слова остров Гроз
610 Ключевые слова 0_
a Ключевые слова тема опасности
686 Индексы других классификаций __
2 Код системы rubbks
a Классификационный индекс 84(2=411.2)6-445; ст84(2=411.2)6-445
801 Источник записи _0
a Страна RU
b Организация Муниципальное бюджетное учреждение культуры "Централизованная библиотечная система" г. Сургут (Центральная городская библиотека им. А. С. Пушкина)
c Дата составления 20240628
g Правила каталогизации PSBO
801 Источник записи _1
a Страна RU
b Организация Муниципальное бюджетное учреждение культуры "Централизованная библиотечная система" г. Сургут (Центральная городская библиотека им. А. С. Пушкина)
c Дата составления 20240628
g Правила каталогизации PSBO
852 Данные о местонахождении __
i Авторский знак К 85
j Шифр хранения 84(2=411.2)6-445
900 Макрообъекты __
a Макрообъекты Волшебница с острова гроз. Книга 2. Для слабовидящих. Т. Крюкова, 2024
901 Тип документа __
t Тип документа n
w Контрольный № источника 8c70192e761c40c985acc33729df35ab
a Ответственный ООФиК/Губина
903 Характеристики (МАРС) __
c Наименование библиотеки (МАРС) Муниципальное бюджетное учреждение культуры "Централизованная библиотечная система" г. Сургут (Центральная городская библиотека им. А. С. Пушкина)
a Дата передачи 20240628
969 Тип издания __
a Тип издания спецформат-крупношрифтовое
a Тип издания издание для слепых
a Тип издания крупношрифтовое издание
a Тип издания издание для детей
a Тип издания издание для подростков
990 Данные о заказе (DOS) __
j Количество экземпляров (DOS) 1
t N записи в КСУ для И/У (DOS) 202407